Statistics for chess quiz

Click here to take the quiz!

General Stats

  • This quiz has been taken 26 times
  • The average score is 12 of 15

Answer Stats

HintAnswer% Correct
when a person has no legal moves but is in checkcheckmate
100%
when a person has no legal moves but isnt in checkstalemate
95%
least valuable piecepawn
89%
best piecequeen
89%
how many pawns are on a chess board16
84%
how many squares are on the chess board64
84%
most important pieceking
84%
when a pawn reaches the other side of the board, becoming a better piecepromotion
79%
special move said piece can doen passant
74%
best human player in chess currentlymagnus carlsen
74%
when a piece is takencapture
68%
special move with king and rookcastling
68%
name for the current best chess bot, with over 4000 ELOstockfish
68%
name for the fastest way to get the abovefool's mate
53%
when a person gives up in chessresigning
42%

Score Distribution

Percentile by Number Answered

Percent of People with Each Score

Your Score History

You have not taken this quiz